| 000 | 02145aab a2200493 a 4500 | ||
|---|---|---|---|
| 003 | AR-RoUNA | ||
| 008 | 140529||||||||||||||||| |||| 0|||| d | ||
| 022 | _a0210-2080 | ||
| 040 |
_aAR-RoUNA _bspa |
||
| 041 | _aspa | ||
| 044 | _asp | ||
| 080 | _a72.036 | ||
| 092 | _lLL792 | ||
| 245 |
_aOn Diseño / _nNº 96 |
||
| 260 |
_aBarcelona : _bOn Diseño, _c1998 |
||
| 300 |
_a154 p. : _bplanos _bplantas _bfot. col. _c29x24 cm |
||
| 505 | 0 | _tARQUITECTURAS TEMPORALES | |
| 505 | 0 | _aMartorell, Bohigas, Mackay y Lluis Pau/ La feria de las ferias. p. 65 | |
| 505 | 0 | _aLluis Pau / Otra escalera. p. 75 | |
| 505 | 0 | _tREHABILITACIÓN DE LA ARQUITECTURA | |
| 505 | 0 | _aGonzález Pérez. J. lI / Aparicio y F. de Asis Cabrero / Un edificio para la eternidad, p 81 | |
| 505 | 0 | _aCristina y Camilo Grau / El placer de tocar la arquitectura. p. 89 | |
| 505 | 0 | _aEsquius J. M y J. Puig / Rehabilitación de un edificio en Manresa. p.101 | |
| 505 | 0 | _aMestre. J. J y Rovira. J, M / La sección como fachada: propuesta mínima para, acabar un templo. p. 109 | |
| 505 | 0 | _tLA OBRA DE PRIMITIVO GONZALEZ | |
| 505 | 0 | _aCementerio en Herrera de Duero / Primitivo y Diego González. p. 116 | |
| 505 | 0 | _aGonzález Primitivo/ Ayuntamiento en Cabezón de Pisuerga. p. 121 | |
| 505 | 0 | _aGonzález, P. J.A. San Pedro. F. González/ Viviendas en Medina del Campo. p. 127 | |
| 505 | 0 | _aGonzález Primitivo / Rehabilitación de edificio en Mucientes. p. 133 | |
| 505 | 0 | _tEL DISEÑO EN TELEVISION | |
| 505 | 0 | _aAmbros Jordi / El diseño en televisión. p. 139 | |
| 505 | 0 | _aSibina Joan / El espacio en televisión y su diseñador. p. 140 | |
| 505 | 0 | _aCompagnuct Beto / La continuidad. Stress en Tres. Tres. p. 145 | |
| 505 | 0 | _aCasaldaliga Esther / Vestir en televisión. p. 148 | |
| 650 | 4 |
_aArquitectura contemporanea _912617 |
|
| 650 | 4 |
_aDiseño _93694 |
|
| 700 | 1 |
_aLlopis, Carme _edrt _912618 |
|
| 773 |
_aOn Diseño _dBarcelona, AramEdiciones S.A, _g96- ( 1998 ). p.154 _x0210-2080 |
||
| 908 | _aImp | ||
| 930 | _e6171 | ||
| 942 |
_2udc _cART |
||
| 945 |
_aMIA _d2019-02-19 |
||
| 980 |
_61 _aMaricel Allasia _81 _gMaricel Allasia |
||
| 999 |
_c12146 _d12146 |
||